ბათუმის შოთა რუსთაველის სახელმწიფო უნივერსიტეტის ბიბლიოთეკა

ჩვენი სულიერების ბალავარი : (ბიბ.ჩანაწერი № 55738)

000 -ლიდერი
ფიქსირებული სიგრძის საკონტროლო ველი 01643nam a2200265Ia 4500
001 - საკონტროლო ნომერი
საკონტროლო ველი 22833
003 - საკონტროლო ნომრის იდენტიფიკატორი
საკონტროლო ველი GE_BSU
005 - ბოლო ოპერაციის თარიღი და დრო
საკონტროლო ველი 20211104165804.0
008 - ფიქსირებული სიგრძის მონაცემთა ელემენტები - ზოგადი ინფორმაცია
ფიქსირებული სიგრძის საკონტროლო ველი 181216s2010||||ge |||||||||||||| ||geo||
020 ## - წიგნის საერთაშორისო სტანდარტული ნომერი
International Standard Book Number 19875916
040 ## - კატალოგიზაციის წყარო
Transcribing agency GE_BSU
041 ## - ენის კოდი
Language code of text/sound track or separate title geo
080 ## - უნივერსალური ათობითი კლასიფიკაციის ინდექსი
Universal Decimal Classification number 378.4(479.22)(063) ჩ-55
245 ## - ცნობა სათაურის შესახებ
Title ჩვენი სულიერების ბალავარი :
Remainder of title საერთაშორისო სამეცნიერო კონფერენციის მასალები.კრებული II
Statement of responsibility, etc მთ.რედ.ბიჭიკო დიასამიძე, ტომის რედ. მანუჩარ ლორია, სარედ. საბჭო ნ. ბარამიძე., ს. კუპრაშვილი და სხვ.; ბათუმის შოთა რუსთაველის სახ-ფო უნ-ტი. ქრისტიანული კულტურის კვლევის ცენტრი
264 ## - წარმოების, გამოცემის, დისტრიბუციის და სხვა ცნობები
გამოცემის, წარმოების, დისტრიბუციის... ადგილი თბილისი :
გამოცემის, წარმოების, დისტრიბუციის... სახელწოდება უნივერსალი,
გამოცემის, წარმოების, დისტრიბუციის... თარიღი 2010.
300 ## - ფიზიკური აღწერა
Extent 204 გვ.;
Other physical details 20 სმ.
504 ## - BIBLIOGRAPHY, ETC. NOTE
Bibliography, etc ბიბლიოგრ. ტექსტის შენიშვნებში.
653 ## - INDEX TERM--UNCONTROLLED
Uncontrolled term კრებული
653 ## - INDEX TERM--UNCONTROLLED
Uncontrolled term ჩვენი სულიერების ბალავარი
653 ## - INDEX TERM--UNCONTROLLED
Uncontrolled term კონფერენციის მასალები
700 ## - ADDED ENTRY--PERSONAL NAME
Personal name დიასამიძე, ბიჭიკო
Relator term რედაქტორი
9 (RLIN) 12838
700 ## - ADDED ENTRY--PERSONAL NAME
Personal name ლორია, მანუჩარ
Relator term რედაქტორი
9 (RLIN) 2194
942 ## - ADDED ENTRY ELEMENTS (KOHA)
Koha item type წიგნი
Source of classification or shelving scheme
ეგზემპლარები
ჩამოწერის სტატუსი დაკარგული ეგზემპლარის სტატუსი კლასიფიკაციის წყარო ან თაროზე გაწყობის სქემა დაზიანების სტატუსი არ გაიცემა მუდმივი მდებარეობა (დაცვის ადგილი) ამჟამინდელი ადგილსამყოფელი თაროზე განთავსების ადგილი შეძენის თარიღი ღირებულება, შესყიდვის ნორმალური ფასი სრული შენახვის შიფრი შტრიხკოდი ბოლო ოპერაციის თარიღი ეგზემპლარის მიმდევრობითი ნომერი (კეტერი?) ფასის ძალაში შესვლის თარიღი ეგზემპლარის სახეობა საჯარო შენიშვნა
          ბათუმის შოთა რუსთაველის სახელმწიფო უნივერსიტეტის მთავარი ბიბლიოთეკა ბათუმის შოთა რუსთაველის სახელმწიფო უნივერსიტეტის მთავარი ბიბლიოთეკა წიგნსაცავი 2018-12-17 8.00 378.4(479.22)(063) ჩ-55 58278 2018-12-17 58278 2018-12-17 წიგნი 8 ლ.
          ბათუმის შოთა რუსთაველის სახელმწიფო უნივერსიტეტის მთავარი ბიბლიოთეკა ბათუმის შოთა რუსთაველის სახელმწიფო უნივერსიტეტის მთავარი ბიბლიოთეკა წიგნსაცავი 2018-12-17 8.00 378.4(479.22)(063) ჩ-55 58280 2018-12-17 58280 2018-12-17 წიგნი 8 ლ.
          ბათუმის შოთა რუსთაველის სახელმწიფო უნივერსიტეტის მთავარი ბიბლიოთეკა ბათუმის შოთა რუსთაველის სახელმწიფო უნივერსიტეტის მთავარი ბიბლიოთეკა წიგნსაცავი 2018-12-17 8.00 378.4(479.22)(063) ჩ-55 58279 2018-12-17 58279 2018-12-17 წიგნი 8 ლ.